000 00713nam a22001937a 4500
005 20140321123226.0
010 _aB-500322
020 _a9780670086092
_c499.00
035 _aB-500322
037 _adpl
_bMallika Books/Ven
082 _a305.569095441
100 _aBoo, Katherine
245 _aBehind the Beautiful Forevers:
_blife, death and hope in a mumbai undercity/
_cby Katherine Boo
260 _aNew Delhi
_bPenguin Group
_c2012
270 _a11 Community Centre, Panchsheel Park
_bNew Delhi
_e110017
300 _a254p.
_c21cm(Hb)
942 _2ddc
_cEN
_h305.569095441
_mBOO
999 _c83121
_d83121